Breve análisis de los efectos de la ley con relación al tiempo en el Código Civil y Comercial (Registro nro. 31606)

Detalles MARC
000 -LEADER
fixed length control field 00387 a2200109 4500
001 - CONTROL NUMBER
control field ART_35061
005 - DATE AND TIME OF LATEST TRANSACTION
control field 20260410162005.0
008 - FIXED-LENGTH DATA ELEMENTS--GENERAL INFORMATION
fixed length control field 260409a
100 1# - MAIN ENTRY--PERSONAL NAME
Personal name Parrilli, Ernesto N.
245 10 - TITLE STATEMENT
Title Breve análisis de los efectos de la ley con relación al tiempo en el Código Civil y Comercial
773 0# - HOST ITEM ENTRY
Title Temas de derecho civil
Related parts - Año 1, Nº 1 (oct. 2015)
Record control number REV34778

No hay ítems disponibles.